000 01847nac a22004930a 4500
001 PT25489
003 AR-LpoUNG
005 20210201005153.0
008 201001s2006||||ag |||||||||||||||||spa d
020 _a9875800694
_c$6.60
040 _aAR-LpoUNG
_bspa
_eaacr
041 _aspa
044 _aag
082 0 _a982.064 594v2
100 1 _aAnguita, Eduardo
245 1 3 _aLa voluntad :
_buna historia de la militancia revolucionaria en la Argentina : 1969 - 1973 : el cielo por asalto
250 _a1ra ed.
260 _aBuenos Aires :
_bBooket,
_c2006.
300 _a839 p. :
_bil.
_a(5
_fVolúmenes)
_3Impreso
490 0 _aLa voluntad : una historia de la militancia revolucionaria en la Argentina
520 _a<p>Comienza en mayo de 1969 y culmina en 1973 con la asunción a presidente de Héctor J. Cámpora. Conviven las manifestaciones decisivas de la época: la llegada del hombre a la luna y el Che Guevara, Bob Dylan y Mao, el psicoanálisis y los curas tercermundistas, el rock nacional y la nueva sexualidad, la guerra de Vietnam y el feminismo, los grupos armados y el debate intelectual; crónica de las vidas posibles de vivir entonces, de su juventud, sus valores, sus sueños y sus peligros.</p>
650 4 _aANALISIS HISTORICO
650 4 _aANALISIS SOCIOLOGICO
650 4 _aARGENTINA
650 4 _aASPECTOS ECONOMICOS
650 4 _aFUERZAS ARMADAS
650 4 _aGUERRILLEROS
650 4 _aHISTORIA
650 4 _aHUELGAS
650 4 _aIDEOLOGIAS POLITICAS
650 4 _aPARTICIPACION POLITICA
650 4 _aREVOLUCION
650 4 _aSINDICALISMO
650 4 _aSINDICATOS
650 4 _aTERRORISMO
650 4 _aVIOLENCIA
651 4 _aArgentina
653 _aMAES
653 _aPERONISMO
653 _aTRIPLE A
700 1 _aCaparrós, Martín
905 _a25489
942 _cLIB
999 _c48676
_d48676